| 000 | 00553cam a22001217a 4500 | ||
|---|---|---|---|
| 008 | 180718b1992-93 xxu||||| |||| 00| 0 eng d | ||
| 082 | _aPROJ.REP.1992-93/THA | ||
| 100 | _aThakur, R.N. | ||
| 245 |
_aThe research study of the grievances relating to the financial grants etc. of the minority managed educational institutions functioning under various state/U.T administrations ins in India, vol.i _cby R.N. Thakur |
||
| 260 |
_aNew Delhi _bIndian Institute of Public Administration _c1992-93 |
||
| 300 | _a239p. | ||
| 440 | _aIIPA Working Paper, 1992-93: 1 | ||
| 999 |
_c492349 _d492349 |
||